Statistics for Ten Most Northerly NBA Teams

Click here to take the quiz!

General Stats

  • This quiz has been taken 42 times
  • The average score is 6 of 10

Answer Stats

LatitudeTeam% Correct
45.53Portland Trailblazers
97%
44.98Minnesota Timberwolves
86%
43.64Toronto Raptors
75%
43.04Milwaukee Bucks
69%
42.37Boston Celtics
61%
42.70Detroit Pistons
61%
41.88Chicago Bulls
53%
40.75New York Knicks
50%
41.50Cleveland Cavaliers
47%
40.76Utah Jazz
31%

Score Distribution

Percentile by Number Answered

Percent of People with Each Score

Your Score History

You have not taken this quiz